000 00353nam a2200121Ia 4500
008 190216s9999||||xx |||||||||||||| ||und||
100 _a"Ganesh Kn,Krishnan V,Nagarajan M Etc.........."
245 0 _aChemistry A Textbook For Class Xi
260 _bNational Council Of Educational Research
_c1988
300 _a503p
650 _aChemistry
942 _cREF
999 _c36087
_d36087